| 000 | 00868nam a22002297a 4500 | ||
|---|---|---|---|
| 003 | OSt | ||
| 005 | 20250820085709.0 | ||
| 008 | 250820b |||||||| |||| 00| 0 eng d | ||
| 020 | _a978-1-032-08114-4 | ||
| 040 |
_aDWC-Main Lib _cOC |
||
| 082 | _aCirc. 370.113 M297 2023 | ||
| 100 | _aBuford, Melanie V. | ||
| 245 |
_aMapping the future of undergraduate career education : _bequitable career learning development and preparation in the new world of work/ _cMelanie V. Buford [and two others] |
||
| 260 |
_aNew York : _bRoutledge, _cc2023. |
||
| 300 |
_axxi, 286 pages : _billustrations ; _c23cm. |
||
| 504 | _aIncludes bibliographical references and index. | ||
| 650 | _a1. Career Education. | ||
| 650 | _a2. Education --- Counseling Vocational Guidance. | ||
| 700 | _aSharp, Michael J. | ||
| 700 | _aStebleton, Michael J. | ||
| 942 |
_2ddc _cBK-CIRC _kCirc. _n0 |
||
| 999 |
_c4125 _d4125 |
||